000
00312nam a22001337a 4500
999
_c
532148
_d
532148
003
NUST
038
_a
M.Ramzan
082
_a
627.82
_b
MEH
100
_a
Mehrotra,V.K.
_9
25490
245
_a
Roller compacted concrete Dams /
260
_a
Delhi:
_b
Khanna Publishers,
_c
2010.
300
_a
559 p, :
942
_2
ddc
_c
BK